Flawed Democracies - Statistics

General Stats
  • This quiz has been taken 36 times
  • The average score is 41 of 54
Answer Stats
Rank Score Country % Correct
25 7.96 United States
100%
48 7.02 Argentina
96%
45 7.13 Colombia
96%
66 6.41 Serbia
96%
52 6.86 Brazil
92%
73 6.09 Mexico
92%
58 6.60 Peru
92%
59 6.57 Croatia
88%
27 7.90 Estonia
88%
39 7.43 Greece
88%
70 6.24 Paraguay
88%
57 6.62 Poland
88%
36 7.50 Slovenia
88%
40 7.24 South Africa
88%
23 8.00 South Korea
88%
68 6.32 Thailand
88%
47 7.03 Bulgaria
83%
67 6.33 Ecuador
83%
71 6.15 Guyana
83%
51 6.90 India
83%
64 6.48 Indonesia
83%
35 7.52 Italy
83%
24 7.99 Japan
83%
38 7.49 Latvia
83%
37 7.50 Lithuania
83%
46 7.05 Panama
83%
75 6.02 Singapore
83%
42 7.17 Slovakia
83%
49 6.98 Suriname
83%
63 6.49 Romania
79%
32 7.69 Czechia
75%
60 6.54 Dominican Republic
75%
71 6.15 El Salvador
75%
56 6.63 Hungary
75%
28 7.86 Israel
75%
43 7.16 Malaysia
75%
54 6.64 Philippines
75%
53 6.72 Tunisia
75%
31 7.73 Taiwan
71%
50 6.96 Jamaica
67%
26 7.95 Malta
67%
69 6.27 Sri Lanka
67%
41 7.19 East Timor
63%
55 6.63 Ghana
63%
29 7.81 Botswana
58%
34 7.59 Cyprus
58%
33 7.64 Belgium
54%
60 6.54 Lesotho
54%
62 6.50 Mongolia
54%
65 6.43 Namibia
54%
74 6.03 Papua New Guinea
50%
43 7.16 Trinidad and Tobago
50%
30 7.78 Cape Verde
42%
75 6.02 Hong Kong
21%
No matching quizzes found
Score Distribution
Percent of People with Each Score
Percentile by Number Answered
Your Score History
You have not taken this quiz